000 00453nam a2200169Ia 4500
008 230718s9999 xx 000 0 und d
020 _a9789332524026
041 _aeng
082 _a005.54
_bMCF
100 _aMcFedries P.
_9131638
245 _aExcel 2013 Formulas And Functions
260 _c2014
_bPearson
300 _a511
365 _cRs.
_b650.00
700 _aMcFedries P.
_9131638
906 _dO:0375214-Feb-2014B:486602-Jan-2014
_cCOMP
_b130
999 _c335382
_d335382